Estrategias de muestreo, diseǫ de encuestas y estimacin̤ de parm̀etros

Bibliographic Details
Main Author: Gutiřrez Rojas, Andrš
Format: eBook
Language:Spanish
Published: Bogot:̀ Ediciones de la U, 2016
Subjects:
Online Access:Acceso restringido

MARC

LEADER 00000nam a22000007a 4500
005 2018122207357.0
007 cr|||| |||
008 181222s2016 co |||||s|||| 00||0 spa d
020 |a 978-958-762-586-8 
035 |a 22580 
040 |a vLex 
090 |c 8374  |d 8374 
100 1 |a Gutiřrez Rojas, Andrš 
245 1 0 |a Estrategias de muestreo, diseǫ de encuestas y estimacin̤ de parm̀etros  |h [Recurso electrn̤ico] /  |c Andrš Gutiřrez Rojas  
256 |a Servicio en ln̕ea 
260 |a Bogot:̀  |b Ediciones de la U,  |c 2016 
300 |a 1 recurso electrn̤ico 
506 1 |a Disponible solo en los productos indicados  |d vLex Global  |d vLex Global (Academic Edition, excluding Law Schools)  |d vLex Global (U.S. Academic Edition, Law Schools)  |d vLex Global (U.S. Academic Edition, excluding Law Schools)  |d vLex Global (Academic Edition, Law Schools) 
650 0 4 |a Economa̕ y negocios  |z Colombia 
740 0 |a vLex Libros (Servicio en ln̕ea) 
856 4 0 |u http://vlex.com/source/estrategias-muestreo-dise-o-encuestas-estimacion-parametros-22580  |z Acceso restringido 
942 |c BOOK 
999 0 |a Economy and business